<?xml version="1.0" encoding="UTF-8"?>
<collection xmlns="http://www.loc.gov/MARC21/slim">
 <record>
  <leader>01654nam a22002537a 4500</leader>
  <controlfield tag="001">NCT_50718</controlfield>
  <controlfield tag="008">180919b        xxu||||| |||| 00| 0 vie d</controlfield>
  <datafield tag="999" ind1=" " ind2=" ">
   <subfield code="c">2423</subfield>
   <subfield code="d">2423</subfield>
  </datafield>
  <datafield tag="020" ind1=" " ind2=" ">
   <subfield code="c">44000</subfield>
  </datafield>
  <datafield tag="082" ind1="0" ind2="4">
   <subfield code="2">23rd ed.</subfield>
   <subfield code="a">330.1</subfield>
   <subfield code="b">Ph500</subfield>
  </datafield>
  <datafield tag="100" ind1="1" ind2=" ">
   <subfield code="a">Bùi Duy Phú</subfield>
  </datafield>
  <datafield tag="245" ind1="1" ind2="0">
   <subfield code="a">Giáo trình kinh tế lượng :</subfield>
   <subfield code="b">Dùng cho sinh viên các trường cao đẳng, đại học khối kinh tế</subfield>
   <subfield code="c">Bùi Duy Phú</subfield>
  </datafield>
  <datafield tag="250" ind1=" " ind2=" ">
   <subfield code="a">Tái bản lần thứ 1</subfield>
  </datafield>
  <datafield tag="260" ind1=" " ind2=" ">
   <subfield code="a">H.</subfield>
   <subfield code="b">Giáo dục Việt Nam</subfield>
   <subfield code="c">2014</subfield>
  </datafield>
  <datafield tag="300" ind1=" " ind2=" ">
   <subfield code="a">219 tr.</subfield>
   <subfield code="b">hình vẽ, bảng</subfield>
   <subfield code="c">24cm</subfield>
  </datafield>
  <datafield tag="520" ind1="3" ind2=" ">
   <subfield code="a">Sách cung cấp kiến thức cơ bản của kinh tế lượng cho sinh viên khối ngành kinh tế.</subfield>
  </datafield>
  <datafield tag="653" ind1=" " ind2=" ">
   <subfield code="a">Quản trị kinh doanh</subfield>
  </datafield>
  <datafield tag="942" ind1=" " ind2=" ">
   <subfield code="2">ddc</subfield>
   <subfield code="c">BK</subfield>
  </datafield>
  <datafield tag="952" ind1=" " ind2=" ">
   <subfield code="0">0</subfield>
   <subfield code="1">0</subfield>
   <subfield code="2">ddc</subfield>
   <subfield code="4">0</subfield>
   <subfield code="6">330_100000000000000_PH500</subfield>
   <subfield code="7">0</subfield>
   <subfield code="9">13966</subfield>
   <subfield code="a">000001</subfield>
   <subfield code="b">000001</subfield>
   <subfield code="d">2018-09-19</subfield>
   <subfield code="l">1</subfield>
   <subfield code="o">330.1 Ph500</subfield>
   <subfield code="p">MD.13324</subfield>
   <subfield code="r">2019-08-05</subfield>
   <subfield code="s">2019-06-17</subfield>
   <subfield code="v">44000.00</subfield>
   <subfield code="w">2018-09-19</subfield>
   <subfield code="y">BK</subfield>
  </datafield>
  <datafield tag="952" ind1=" " ind2=" ">
   <subfield code="0">0</subfield>
   <subfield code="1">0</subfield>
   <subfield code="2">ddc</subfield>
   <subfield code="4">0</subfield>
   <subfield code="6">330_100000000000000_PH500</subfield>
   <subfield code="7">0</subfield>
   <subfield code="9">13967</subfield>
   <subfield code="a">000001</subfield>
   <subfield code="b">000001</subfield>
   <subfield code="d">2018-09-19</subfield>
   <subfield code="l">1</subfield>
   <subfield code="o">330.1 Ph500</subfield>
   <subfield code="p">MD.13325</subfield>
   <subfield code="r">2021-01-21</subfield>
   <subfield code="s">2021-01-14</subfield>
   <subfield code="v">44000.00</subfield>
   <subfield code="w">2018-09-19</subfield>
   <subfield code="y">BK</subfield>
  </datafield>
  <datafield tag="952" ind1=" " ind2=" ">
   <subfield code="0">0</subfield>
   <subfield code="1">0</subfield>
   <subfield code="2">ddc</subfield>
   <subfield code="4">0</subfield>
   <subfield code="6">330_100000000000000_PH500</subfield>
   <subfield code="7">0</subfield>
   <subfield code="9">13968</subfield>
   <subfield code="a">000001</subfield>
   <subfield code="b">000001</subfield>
   <subfield code="d">2018-09-19</subfield>
   <subfield code="l">2</subfield>
   <subfield code="m">1</subfield>
   <subfield code="o">330.1 Ph500</subfield>
   <subfield code="p">MD.13326</subfield>
   <subfield code="r">2022-02-11</subfield>
   <subfield code="s">2021-06-09</subfield>
   <subfield code="v">44000.00</subfield>
   <subfield code="w">2018-09-19</subfield>
   <subfield code="y">BK</subfield>
  </datafield>
  <datafield tag="952" ind1=" " ind2=" ">
   <subfield code="0">0</subfield>
   <subfield code="1">0</subfield>
   <subfield code="2">ddc</subfield>
   <subfield code="4">0</subfield>
   <subfield code="6">330_100000000000000_PH500</subfield>
   <subfield code="7">0</subfield>
   <subfield code="9">13969</subfield>
   <subfield code="a">000001</subfield>
   <subfield code="b">000001</subfield>
   <subfield code="d">2018-09-19</subfield>
   <subfield code="l">1</subfield>
   <subfield code="o">330.1 Ph500</subfield>
   <subfield code="p">MD.13327</subfield>
   <subfield code="r">2019-09-26</subfield>
   <subfield code="s">2019-09-10</subfield>
   <subfield code="v">44000.00</subfield>
   <subfield code="w">2018-09-19</subfield>
   <subfield code="y">BK</subfield>
  </datafield>
  <datafield tag="952" ind1=" " ind2=" ">
   <subfield code="0">0</subfield>
   <subfield code="1">0</subfield>
   <subfield code="2">ddc</subfield>
   <subfield code="4">0</subfield>
   <subfield code="6">330_100000000000000_PH500</subfield>
   <subfield code="7">0</subfield>
   <subfield code="9">13970</subfield>
   <subfield code="a">000001</subfield>
   <subfield code="b">000001</subfield>
   <subfield code="d">2018-09-19</subfield>
   <subfield code="o">330.1 Ph500</subfield>
   <subfield code="p">MD.13328</subfield>
   <subfield code="r">2018-09-19</subfield>
   <subfield code="v">44000.00</subfield>
   <subfield code="w">2018-09-19</subfield>
   <subfield code="y">BK</subfield>
  </datafield>
  <datafield tag="980" ind1=" " ind2=" ">
   <subfield code="a">Thư viện Trường Đại học Nam Cần Thơ</subfield>
  </datafield>
 </record>
</collection>
